000 00635nam a2200265Ia 4500
005 20260121172458.0
008 008 260114s9999 xx 000 0 eng d
020 _a9789811609619
037 _aEBOOK
040 _aCRL
040 _beng
040 _cCRL
041 _2eng
041 _aeng
084 _qCRL
100 _aYat-sen Sun
_91088935
245 4 _aThe International Development of China
260 _bSpringer
260 _bSpringer
260 _c2021
856 _uhttps://link.springer.com/openurl?genre=book&isbn=978-981-16-0961-9
942 _cEBOOK
999 _c1654674
_d1654674